00884cam a2200217 a 450000100100000000500170001000800410002702000150006804000230008308200170010610000520012324501160017526000400029130000210033150400420035260000490039465100550044391000330049895201200053199900150065100000699020200929154035.0061207s2005 ve b 001 0dspa  z9962022874 aDO-SdBNPcDLCdDLC a923.2bA696S1 aSalamín Cárdenas., Marcel A.,d1944-91944010aPancho Arias y su época :bensayo crítico para una biografía de la patria /cMarcel Salamín Cárdenas. aVenezuela :bEpsilon Libros,c2005. a435 p. ;c22 cm. aIncluye referencias bibliográficas.14aARIAS PAREDES, FRANCISCO,d1886-1946.919441 4aPanamáxPolítica Y Gobiernoy1903-1946.919442 aCatalogación derivada / LC 001052708MOaGRbGRcCTd2009-09-03iLF1l0o923.2 A696Sp6990-10r2020-06-25w2020-06-25y2ZPréstamo interno c6774d6774